000 00517nam a22001817a 4500
005 20140922111810.0
010 _aENG-110839
020 _a9788184302035
_c250.00
035 _aEN-94371
037 _bDBAD/PUB
082 _a791.43
100 _aSaraf, Nandini
245 _aThe life and times of Charlie Chaplin /
_cby Nandini Saraf
260 _aNew Delhi
_bOcean books
_c2013
270 _a4/19 Asaf Ali road
_bNew Delhi
_e110002
300 _a192p.
_c22cm(Hb)
942 _2ddc
_cEN
_mSAR
_h791.43
999 _c88577
_d88577